[Event "Bad Wildbad op"]
[Site "Bad Wildbad"]
[Date "2002.03.25"]
[Round "5"]
[White "Grooten, Herman"]
[Black "Braeuer, Karl Heinz"]
[Result "1-0"]
[WhiteElo "2389"]
[BlackElo "2068"]
[PlyCount "145"]
[EventDate "2002.03.22"]
[EventType "swiss"]
[EventRounds "9"]
[EventCountry "GER"]
[SourceTitle "EXT 2003"]
[Source "ChessBase"]
[SourceDate "2002.11.25"]
[SourceVersion "1"]
[SourceVersionDate "2002.11.25"]
[SourceQuality "1"]

1. d4 Nf6 2. c4 c6 3. Nc3 d5 4. Nf3 e6 5. e3 Bd6 6. Bd3 Nbd7 7. 0-0 0-0 8. Qc2 dxc4 9. Bxc4 e5 10. h3 Qe7 11. a3 h6 12. Nh4 Rd8 13. Nf5 Qf8 14. Nxd6 Qxd6 15. Rd1 Qe7 16. Ba2 Nf8 17. dxe5 Rxd1+ 18. Qxd1 Qxe5 19. Qd8 Qb8 20. e4 Be6 21. Qxb8 Rxb8 22. b3 Rd8 23. Be3 b6 24. Kf1 Bc8 25. Rc1 Ne6 26. f3 Nh5 27. Rd1 Rxd1+ 28. Nxd1 Kf8 29. Kf2 Nhf4 30. h4 c5 31. g3 Nd3+ 32. Ke2 Ba6 33. Kd2 Ne5 34. f4 Nf3+ 35. Kc3 Ned4 36. Bf2 Ne2+ 37. Kc2 Ned4+ 38. Kb2 Ne2 39. b4 cxb4 40. axb4 Bd3 41. Bd5 Nd2 42. e5 Nf1 43. Kb3 Nfxg3 44. Nc3 Nc1+ 45. Kb2 Nce2 46. Bc6 Nxc3 47. Kxc3 Ne4+ 48. Kxd3 Nxf2+ 49. Ke2 Ng4 50. b5 h5 51. Bd7 Nh6 52. Kf3 Ke7 53. Bh3 f5 54. Ke3 g6 55. Kd4 Nf7 56. Bg2 Nd8 57. Bd5 Kd7 58. Bg8 Ke7 59. Kd5 Kd7 60. e6+ Ke7 61. Ke5 Nb7 62. Bh7 Nc5 63. Bxg6 Nxe6 64. Bxh5 Nc7 65. Be2 Ne8 66. Kxf5 Nd6+ 67. Kg6 Ne4 68. h5 Nc3 69. Bc4 Ne4 70. h6 Nf6 71. h7 Nxh7 72. Kxh7 Kf6 73. Bd3 1-0

[Event "BEL-ch Class A"]
[Site "Geel"]
[Date "1999.08.??"]
[Round "7"]
[White "Croonenborghs, Tom"]
[Black "Braeuer, Karl Heinz"]
[Result "1-0"]
[WhiteElo "2140"]
[BlackElo "2140"]
[PlyCount "79"]
[EventDate "1999.08.21"]
[EventType "tourn"]
[EventRounds "9"]
[EventCountry "BEL"]
[SourceTitle "EXT 2021"]
[Source "ChessBase"]
[SourceDate "2020.10.23"]
[SourceVersion "1"]
[SourceVersionDate "2020.10.23"]
[SourceQuality "1"]

1. e4 c5 2. c3 d5 3. exd5 Qxd5 4. d4 Nc6 5. Be3 cxd4 6. cxd4 e5 7. Nc3 Bb4 8. Nge2 Nf6 9. a3 Bxc3+ 10. Nxc3 Qa5 11. b4 Qd8 12. dxe5 Qxd1+ 13. Rxd1 Nxe5 14. Bc5 a6 15. Bd6 Nc6 16. b5 Ne7 17. Be2 Nf5 18. Bc5 Be6 19. Bf3 Rb8 20. bxa6 bxa6 21. 0-0 Nd7 22. Bb4 Ne5 23. Be4 f6 24. f4 Nc4 25. Rfe1 Kf7 26. g4 Nfe3 27. f5 Bc8 28. Bc5 Nxf5 29. gxf5 Ne5 30. Bd6 Rb2 31. Na4 Bxf5 32. Nxb2 Bxe4 33. Bxe5 f5 34. Nc4 Ke7 35. Nd6 Ke6 36. Nxe4 Kxe5 37. Nc5+ Kf4 38. Rd4+ Kf3 39. Ne6 h6 40. Ra4 1-0